Statistiken für Kader Hertha BSC 2005/2006

Klicken Sie hier um das Quiz zu spielen!

Allgemein

  • Dieses Quiz wurde 27 mal gespielt
  • Das Durchschnittsergebnis liegt bei 14 aus 30

Antwortstatistiken

NrPositionNationalitätAntwort% Korrekt
41GERJerome Boateng
88%
27GHAKevin-Prince Boateng
88%
8HUNPal Dardai
88%
3GERArne Friedrich
79%
10BRAMarcelinho
79%
9SRBMarko Pantelic
79%
5CRONiko Kovac
67%
12GERChristian Fiedler
63%
16IRNAshkan Dejagah
54%
7MittelfeldTURYildiray Bastürk
54%
6BRAGilberto
50%
21NIGSolomon Okoronkwo
50%
4NEDDick van Burik
46%
-TrainerGERFalko Götz
46%
14CROJosip Simunic
46%
28TUNSofian Chahed
42%
29GERMalik Fathi
38%
34BIHSead Salihovic
33%
32GERTorben Marx
33%
19GERAndreas Schmidt
29%
20GERAndreas Zecke Neuendorf
29%
1TorwartGERGerhard Tremmel
29%
17GERAlexander Madlung
25%
37GERChristian Müller
21%
35CODChristopher Samba
21%
25CZEVaclav Sverkos
21%
11SturmNEDEllery Cairo
17%
33DANKevin Stuhr-Ellegaard
17%
36AbwehrGERPascal Bieler
17%
22GEROliver Schröder
13%

Verteilung der Resultate

Perzentil nach korrekt beantworteten Fragen

Anzahl Personen mit jedem Resultat

Ihre Resultats-Entwicklung

Sie haben dieses Quiz noch nicht gespielt